00420nam a22001337a 450000500170000000800410001704100130005808200130007110000130008424500450009726000860014230000320022865000260026020240510092912.0240510b |||||||| |||| 00| 0 eng d aEnglish  a349 LAW  lEnglish  aThe Law Reports: Queen's Bench Division  aLondon: bThe Incorporated Council of Law Reporting for England and Wales, c1981 bxxiii, 988 pages; c25 cm.  aLegal practice bLaw